Statistics for Groups of Things - History #2

Click here to take the quiz!

General Stats

  • This quiz has been taken 30,548 times
    (19,196 since last reset)
  • The average score is 28 of 54

Answer Stats

Group Answer % Correct
Assassinated US PresidentsJohn F. Kennedy
94%
Assassinated US PresidentsAbraham Lincoln
89%
Ancient Wonders of the WorldGreat {Pyramid} of Giza
87%
Central Powers of WWIGerman Empire
87%
Most Common First Names of
French Kings
Louis
84%
Greatest Mongol KhansGenghis
78%
Epic Poems Attributed to HomerThe Iliad
78%
Ancient Wonders of the World{Hanging} {Gardens} of Babylon
76%
Empires Conquered by
Conquistadors
Aztec
73%
Countries that still have a
Marxist-Leninist constitution
Vietnam
72%
Countries that still have a
Marxist-Leninist constitution
China
70%
Empires Conquered by ConquistadorsInca
69%
Central Powers of WWIAustria-Hungary
68%
Declared Wars of the United StatesWorld War II
68%
Epic Poems Attributed to HomerThe Odyssey
68%
Declared Wars of the United StatesWorld War I
67%
First Five Roman EmperorsAugustus
66%
Ancient Wonders of the WorldStatue of {Zeus} at Olympia
65%
Countries that still have a
Marxist-Leninist constitution
Cuba
65%
Rivers of Mesopotamian CivilizationTigris
63%
Rivers of Mesopotamian CivilizationEuphrates
63%
First Five Roman EmperorsNero
62%
Iberian Peninsula Countries,
circa 1400
Portugal
61%
Cities that Fought
in the Peloponnesian War
Athens
58%
Ancient Wonders of the World{Colossus} of Rhodes
58%
Cities that Fought
in the Peloponnesian War
Sparta
56%
Great Capitals of Ancient ChinaBeijing
55%
Central Powers of WWIOttoman Empire
54%
Ancient Wonders of the World{Lighthouse} of Alexandria
50%
Rival Political Parties of Britain (1680-1850)Tory
46%
Greatest Mongol KhansKublai
43%
Rival Political Parties of Britain
(1680-1850)
Whig
43%
Assassinated US PresidentsJames A. Garfield
41%
Assassinated US PresidentsWilliam McKinley
40%
Countries that still have a
Marxist-Leninist constitution
Laos
40%
Declared Wars of the United StatesWar of 1812
40%
Most Common First Names of French KingsCharles
39%
Declared Wars of the United StatesSpanish-American War
39%
First Five Roman EmperorsCaligula
37%
Most Common First Names of French KingsHenry
37%
Most Common First Names of French KingsPhilip
31%
Ancient Wonders of the WorldTemple of {Artemis} at Ephesus
29%
Iberian Peninsula Countries, circa 1400Aragon
28%
Iberian Peninsula Countries, circa 1400Castille & Leon
28%
Central Powers of WWIBulgaria
27%
First Five Roman EmperorsTiberius
24%
Ancient Wonders of the World{Mausoleum} at Halicarnassus
24%
First Five Roman EmperorsClaudius
23%
Declared Wars of the United StatesMexican-American War
23%
Great Capitals of Ancient ChinaNanjing
21%
Great Capitals of Ancient ChinaChang'an
21%
Iberian Peninsula Countries, circa 1400Granada
15%
Iberian Peninsula Countries, circa 1400Navarre
12%
Great Capitals of Ancient ChinaLuoyang
4%

Score Distribution

Percentile by Number Answered

Percent of People with Each Score

Your Score History

You have not taken this quiz since the last reset